1838 1009 1381 1267 1058 1171 1074 1786 1559 1281 1482 1676 1708 1473 1842 1806 1790 1916 1867 1779 1210 1594 1396 1672 1398 1485 1286 1937 1749 1836 1409 1271 1456 1370 1370 1247 1098 1866 1221 1449 1491 1500 1095 1773 1847 1435 1249 1455 1893 1027 1973 1843 1116 1567 1246 1958 1950 1515 1895 1890 1896 1997 1030 1850 1275 1185 1152 1320 1737 1606 1903 1721 1020 1898 1523 1656 1111 1563 1104 1064 1290 1629 1278 1712 1836 2000 1882 1590 1956 1818 1274 1897 1126 1526 1872 1611 1841 1606 1188 BCNSPRNW ULIB Ver.6.0+V

เปลี่ยนเป็นภาษาไทย

Change to English
 แสดงรายละเอียดบรรณานุกรม
  กลับหน้าหลัก

Brief Record : Get Marc (ISO 2709) : E-mail record : QR code < ปิดหน้าต่าง
LEADER : 00000nam 2200000uu 4500
001    13399126110
003     ULIB
008    020711s2555 th a 000 0 tha d
020    ^a9786167742021
060    ^aWB537^bม686ต
110    ^aมูลนิธิเพื่อเด็กพิการ(มพก)
245    ^aตำราสมุฏฐานโรคและการวินิจฉัย/^cมูลนิธิเพื่อเด็กพิการ(มพก)
260    ^aกรุงเทพฯ :^bมูลนิธิเพื่อเด็กพิการ(มพก),^c2555
300    ^a90 หน้า;^b26 ซม.
650    ^aสมุฏฐานโรค
650    ^aการนวด
945    ^p100^l0^i004170
945    ^p100^l0^i004171
945    ^p100^l0^i004172
945    ^p100^l0^i004173
945    ^p100^l0^i004174
945    ^p100^l0^i004175
945    ^p100^l0^i004176
945    ^p100^l0^i004177
945    ^p100^l0^i004178
945    ^p100^l0^i004179
999    ^aประนอม เกษจรัล
รายการนี้ยังไม่มีแท็ก
คุณยังไม่ได้ล็อกอิน คุณสามารถมีกิจกรรมร่วมกับเว็บไซต์ได้ แต่ต้องล็อกอินก่อน ::
  ล็อกอิน

รายการสื่อสารสนเทศ

ลำดับที่ ประเภท เลขเรียก/บาร์โค้ด สถานที่ สถานะ
1. วิทยาศาสตร์การแพทย์ และสุขภาพ
หนังสือสำรอง
สถานะ=หนังสือสำรอง
WB537 ม686ต ฉ.1 
  Barcode: 004170
ห้องสมุดวิทยาเขตสวรรค์ประชารักษ์
►ส่วนจัดเก็บหนังสือเก่า สปร
บนชั้น
  ขอยืม
2. วิทยาศาสตร์การแพทย์ และสุขภาพ
วิทยาศาสตร์การแพทย์ และสุขภาพ
WB537 ม686ต ฉ.10 
  Barcode: 004179
ห้องสมุดวิทยาเขตสวรรค์ประชารักษ์
►ส่วนจัดเก็บหนังสือเก่า สปร
บนชั้น
  ขอยืม
3. วิทยาศาสตร์การแพทย์ และสุขภาพ
วิทยาศาสตร์การแพทย์ และสุขภาพ
WB537 ม686ต ฉ.2 
  Barcode: 004171
ห้องสมุดวิทยาเขตสวรรค์ประชารักษ์
►ส่วนจัดเก็บหนังสือเก่า สปร
บนชั้น
  ขอยืม
4. วิทยาศาสตร์การแพทย์ และสุขภาพ
วิทยาศาสตร์การแพทย์ และสุขภาพ
WB537 ม686ต ฉ.3 
  Barcode: 004172
ห้องสมุดวิทยาเขตสวรรค์ประชารักษ์
►ส่วนจัดเก็บหนังสือเก่า สปร
บนชั้น
  ขอยืม
5. วิทยาศาสตร์การแพทย์ และสุขภาพ
วิทยาศาสตร์การแพทย์ และสุขภาพ
WB537 ม686ต ฉ.4 
  Barcode: 004173
ห้องสมุดวิทยาเขตสวรรค์ประชารักษ์
►ส่วนจัดเก็บหนังสือเก่า สปร
บนชั้น
  ขอยืม
6. วิทยาศาสตร์การแพทย์ และสุขภาพ
วิทยาศาสตร์การแพทย์ และสุขภาพ
WB537 ม686ต ฉ.5 
  Barcode: 004174
ห้องสมุดวิทยาเขตสวรรค์ประชารักษ์
►ส่วนจัดเก็บหนังสือเก่า สปร
บนชั้น
  ขอยืม
7. วิทยาศาสตร์การแพทย์ และสุขภาพ
วิทยาศาสตร์การแพทย์ และสุขภาพ
WB537 ม686ต ฉ.6 
  Barcode: 004175
ห้องสมุดวิทยาเขตสวรรค์ประชารักษ์
►ส่วนจัดเก็บหนังสือเก่า สปร
บนชั้น
  ขอยืม
8. วิทยาศาสตร์การแพทย์ และสุขภาพ
วิทยาศาสตร์การแพทย์ และสุขภาพ
WB537 ม686ต ฉ.7 
  Barcode: 004176
ห้องสมุดวิทยาเขตสวรรค์ประชารักษ์
►ส่วนจัดเก็บหนังสือเก่า สปร
บนชั้น
  ขอยืม
9. วิทยาศาสตร์การแพทย์ และสุขภาพ
วิทยาศาสตร์การแพทย์ และสุขภาพ
WB537 ม686ต ฉ.8 
  Barcode: 004177
ห้องสมุดวิทยาเขตสวรรค์ประชารักษ์
►ส่วนจัดเก็บหนังสือเก่า สปร
บนชั้น
  ขอยืม
10. วิทยาศาสตร์การแพทย์ และสุขภาพ
วิทยาศาสตร์การแพทย์ และสุขภาพ
WB537 ม686ต ฉ.9 
  Barcode: 004178
ห้องสมุดวิทยาเขตสวรรค์ประชารักษ์
►ส่วนจัดเก็บหนังสือเก่า สปร
บนชั้น
  ขอยืม

รายการใกล้เคียง
    หัวเรื่อง [สมุฏฐานโรค]
    หัวเรื่อง [การนวด]

BibComment


ยังไม่เคยถูกคอมเมนท์

คอมเมนท์ทรัพยากรรายการนี้
  คอมเมนท์: ตำราสมุฏฐานโรคแล..


 Copyright 2026. Bcnsprnw @Library